| 000 | 00649nam a22002053a 4500 | ||
|---|---|---|---|
| 005 | 20240612064100.0 | ||
| 008 | 011011s1995 es r 000 0 spa d | ||
| 020 | _a8487767478 | ||
| 035 | _aUPN01000112936 | ||
| 049 | _aCG | ||
| 050 | 4 |
_aLC272 _bP7.6 |
|
| 245 | 0 | 0 |
_aPrograma de educación en valores para la etapa infantil / _cMarisa del Carmen Martín ... [et al.]. |
| 260 |
_aMálaga, Esp. : _bAljibe, _c1995. |
||
| 300 | _a215 p. | ||
| 440 | 0 | _aBiblioteca de educación | |
| 650 | 4 |
_aEducación moral _91396 |
|
| 650 | 4 |
_aVALORES - _xESTUDIO Y ENSEÑANZA (PREESCOLAR) _9312 |
|
| 700 | 1 |
_aMartín, Marisa del Carmen, _ecoaut. |
|
| 905 | _aLibro | ||
| 999 |
_c86844 _d86844 |
||